Missing Word: Post Malone Songs (A-Z) Quiz Stats

 Plays Quiz Updated Apr 23, 2019

Score 0/20 Timer 04:00
7 Plays Today
Song Missing word % Correct
Blame __ on MeIt
93.9%
Money Made Me __ ItDo
91.8%
Deja __Vu
90.3%
Spoil __ NightMy
84.7%
I Fall _____Apart
83.3%
Better ___Now
77.6%
*Jackie ____Chan
75.9%
_____ IversonWhite
69.8%
Candy _____Paint
64.1%
____ For MeBall
59.9%
Song Missing word % Correct
____ & SadRich
58.3%
____ and CodeineZack
54.5%
Go ____Flex
52.2%
92 _______Explorer
52%
_____ WraithSugar
46.3%
_____ ShotsTakin'
44.4%
Big ___Lie
44.4%
No ______Option
41%
_________ (Interlude)Jonestown
33.8%
*________ Dynamite (Remix)Homemade
19.3%

Today's Daily Dose

Missing Word
Celine Dion

Word Ladder
Dr. Seuss Books

Quick Pick
Cities in India

Get the Picture
'A' Actresses

You're not logged in!

Compare scores with friends on all Sporcle quizzes.
OR
Log In

Sporcle TV

Today on Sporcle TV


Watch our educational content, quiz creation guides, and fun videos on Sporcle TV.

Show Comments

Extras

Top Quizzes Today


Score Distribution

Your Account Isn't Verified!

In order to create a playlist on Sporcle, you need to verify the email address you used during registration. Go to your Sporcle Settings to finish the process.

Report this User

Report this user for behavior that violates our Community Guidelines.

Details: